Ingeniería de sistemas. Un enfoque interdisciplinario

I tiakina i:
Ngā taipitopito rārangi puna kōrero
Kaituhi matua: Acosta Flores, Jesús (Author)
Hōputu: Pukapuka
Reo:Pāniora
I whakaputaina: Cuernavaca, México Alfaomega 2017
Putanga:2a. ed
Ngā marau:
Ngā Tūtohu: Tāpirihia he Tūtohu
Kāore He Tūtohu, Me noho koe te mea tuatahi ki te tūtohu i tēnei pūkete!

MARC

LEADER 00000cam a2200000 a 4500
001 UCC1940
003 CL-VaPUC
005 20201215001613.0
008 171214e20170000mx |||||||||||||||||spa|d
999 |c 370270  |d 370268 
020 |a 9786076227510 
040 |c Pontificia Universidad Católica de Valparaíso 
082 0 4 |a 620.001 ACO 2017  |2 21 
100 0 |a Acosta Flores, Jesús  |e author  |9 596050 
245 1 0 |a Ingeniería de sistemas.  |b Un enfoque interdisciplinario 
250 |a 2a. ed 
260 |a Cuernavaca, México   |b Alfaomega  |c 2017 
300 |a 165 páginas  
583 |a last modification  |c 20171214 17:05:00  |k Rodrigo Vera 
650 0 |a Ingeniería de sistemas   |9 261019 
650 0 |a Diseño de sistemas  |9 262363 
852 |a BIBCUR 
942 |c BK  |2 ddc 
945 |d 20171214 17:05:00  |a dcastane 
952 |0 0  |1 0  |3 erb  |4 0  |6 620_001000000000000_ACO_2017  |7 0  |8 A  |9 486635  |a BIBING  |b BIBING  |i 5441692  |o 620.001 ACO 2017  |p 5441692  |r 2025-01-20  |w 2019-11-24  |y BK  |z Catalogado en:20171214  |k CCI 
952 |0 0  |1 0  |3 erb  |4 0  |6 620_001000000000000_ACO_2017  |7 0  |8 A  |9 486636  |a BIBING  |b BIBING  |i 5441714  |o 620.001 ACO 2017  |p 5441714  |r 2025-01-20  |w 2019-11-24  |y BK  |z Catalogado en:20171214  |k CCI 
952 |0 0  |1 0  |3 erb  |4 0  |6 620_001000000000000_ACO_2017  |7 0  |8 A  |9 486637  |a BIBING  |b BIBING  |i 5441706  |o 620.001 ACO 2017  |p 5441706  |r 2025-01-20  |w 2019-11-24  |y BK  |z Catalogado en:20171214  |k CCI 
952 |0 0  |1 0  |3 erb  |4 0  |6 620_001000000000000_ACO_2017  |7 0  |8 A  |9 486638  |a BIBING  |b BIBING  |i 5441722  |o 620.001 ACO 2017  |p 5441722  |r 2025-01-20  |w 2019-11-24  |y BK  |z Catalogado en:20171214  |k CCI 
952 |0 0  |1 0  |3 erb  |4 0  |6 620_001000000000000_ACO_2017  |7 0  |8 A  |9 486639  |a BIBING  |b BIBING  |i 5441730  |o 620.001 ACO 2017  |p 5441730  |r 2025-01-20  |w 2019-11-24  |y BK  |z Catalogado en:20171214  |k CCI 
952 |0 0  |1 0  |2 ddc  |4 0  |6 620_001000000000000_ACO_2017  |7 0  |8 A  |9 577126  |a BIBING  |b BIBING  |d 2020-12-14  |e 82  |g 12087.00  |i 5579457  |o 620.001 ACO 2017  |p 5579457  |r 2025-01-20  |t 7  |v 12087.00  |w 2020-12-14  |y BK  |k CCI 
952 |0 0  |1 0  |2 ddc  |4 0  |6 620_001000000000000_ACO_2017  |7 0  |8 A  |9 577127  |a BIBING  |b BIBING  |d 2020-12-14  |e 82  |g 12087.00  |i 5579449  |o 620.001 ACO 2017  |p 5579449  |r 2025-01-20  |t 6  |v 12087.00  |w 2020-12-14  |y BK  |k CCI